NBA Trivia Chain Game - Statistics

General Stats
  • This quiz has been taken 1,626 times
  • The average score is 10 of 20
Answer Stats
Question Answer % Correct
Which city were the Lakers originally based in? Minneapolis
87%
Who is the all time leader in steals? John Stockton
77%
Which team is the all time leader in win percentage? San Antonio Spurs
70%
Which player led the lowest seeded team to ever win a championship? Hakeem Olajuwon
65%
Which NBA role player briefly was a National sensation as a New York Knick? Jeremy Lin
64%
Who was the first European player to win an MVP? Dirk Nowitzki
62%
Who is the only player to win both an ABA and NBA MVP? Julius Erving
61%
Who is the first MVP winner born in South Africa? Steve Nash
58%
Who is the shortest player to ever win MVP? Allen Iverson
57%
Who was the starting Center for the Bad Boy Pistons known for his dirty play? Bill Laimbeer
57%
Which pair of brothers were traded for each other in 2008? Pau and Marc Gasol
52%
Who won the 2021 Most Improved Player Award while playing for the New York Knicks? Julius Randle
49%
Which NBA 6moy winner allegedly forgot the score in a NBA Finals game? J.R. Smith
47%
Which former ABA Team was required to sell their best player to pay the fee to enter the league? Brooklyn Nets
42%
Which city did a Kansas City based team relocate to in 1985? Sacramento
38%
Who had over 3000 career blocks while averaging the most blocks per game of all time? Mark Eaton
29%
Which former ABA team was the last former ABA team to make the NBA Finals? Denver Nuggets
27%
Which NBA Player was known primarily for the face mask he wore to protect his nose? Richard Hamilton
26%
Who won the first ever Dunk Contest? Larry Nance
12%
Who is the only player to lead All Star Voting as a rookie? Grant Hill
9%
No matching quizzes found
Score Distribution
Percent of People with Each Score
Percentile by Number Answered
Your Score History
You have not taken this quiz